| 000 | 00609cam a22002051 4500 | ||
|---|---|---|---|
| 001 | af 47005493 | ||
| 003 | DLC | ||
| 005 | 20260227110832.0 | ||
| 008 | 940127s1943 be 000 1 fre c | ||
| 010 | _aaf 47005493 | ||
| 035 | _a(OCoLC)29696583 | ||
| 040 |
_aNew York. Public library _cNcU _dNcU _dDLC |
||
| 042 | _apremarc | ||
| 050 | 0 | 0 |
_aPQ2607.O43 _bJ6 1943 |
| 100 | 1 |
_aDoff, Neel, _d1858-1941. |
|
| 245 | 1 | 0 |
_aJours de famine et de détresse, _broman. |
| 260 |
_a[Bruxelles] _bÉditions de la Toison d'or _c[1943] |
||
| 300 |
_a2 p. l., [7]-210 p., 1 l. _c18 cm. |
||
| 490 | 0 | _aCollection La Porte ouverte | |
| 999 |
_c3139 _d3139 |
||